000 02077cpcaa2200505 4500
001 mm 85076253
003 DLC
005 20260227111722.0
007 cr |||||||||||
008 851126|||||||||||| fre
010 _amm 85076253
040 _aDLC
_cDLC
_edacs
_dDLC
041 _afre
_ager
_aita
_alat
072 7 _aC
_2lcmd
100 1 _aRichardson, Ernest Cushing,
_d1860-1939.
245 0 0 _aErnest Cushing Richardson collection of French and Italian manuscripts,
_f1179-1825.
300 _a2,000
_fitems.
300 _a14
_fcontainers.
300 _a5.6
_flinear feet.
506 0 _aOpen to research.
520 8 _aManuscripts collected by Richardson including correspondence, legal notes, dictionaries of ecclesiastical and civil law, land records, genealogical material, financial records, pamphlets, printed matter, and other documents relating chiefly to France and Italy. Subjects include law, medicine, and religion.
545 0 _aLibrarian and collector.
555 8 _aFinding aid available in the Library of Congress Manuscript Reading Room and at
_uhttp://hdl.loc.gov/loc.mss/eadmss.ms013004
546 _aCollection material in French and Italian, with Latin and German.
650 0 _aEncyclopedias and dictionaries, French.
650 0 _aDeeds
_zFrance.
650 0 _aDeeds
_zItaly.
650 0 _aGenealogy
_zItaly.
650 0 _aLand tenure
_zFrance.
650 0 _aLand tenure
_zItaly.
650 0 _aLaw
_zFrance.
650 0 _aLaw
_zItaly.
650 0 _aLaw
_zFrance
_vDictionaries.
650 0 _aMedicine
_zFrance.
651 0 _aFrance
_xHistory.
651 0 _aFrance
_xReligion.
651 0 _aItaly
_xHistory.
651 0 _aItaly
_xReligion.
656 7 _aCollectors.
_2itoamc
656 7 _aLibrarians.
_2itoamc
856 4 _3Finding aid
_uhttp://hdl.loc.gov/loc.mss/eadmss.ms013004
856 4 _3Finding aid (PDF)
_uhttp://hdl.loc.gov/loc.mss/eadmss.ms013004.3
999 _c44144
_d44144